The language we use for economics

Saved in:
Bibliographic Details
Other Authors: Μουζακίτης, Γεώργιος Σ. (Editor)
Format: Book
Language:English
Published: Αθήνα : Ελλην, c1995
Series:The english we use series (ESP) ; 2
Subjects:
Tags: Add Tag
No Tags, Be the first to tag this record!

MARC

LEADER 00000cam a2200000 i 4500
001 1/20746
008 010824s1995 eng d
020 |a 960-405-536-4 
035 |l 10067181 
040 |a GR-MY-UA  |b gre  |e aacr 
041 0 |a eng 
082 0 |a 428.202433 
245 1 4 |a The language we use for economics /  |c general editor George S. Mouzakitis 
246 3 4 |a The english language we use for economics 
260 |a Αθήνα :   |b Ελλην,   |c c1995 
300 |a xv, 180 p. 
490 1 |a The english we use series (ESP)  |v ; 2 
504 |a Includes index 
650 0 0 |a English language  |x Readers  |x Economics. 
700 1 |a Μουζακίτης, Γεώργιος Σ.  |4 edt 
830 0 |a The english we use series (ESP)  |v ; 2 
852 |a INST  |b CHIOS  |e 20010824  |h 428.202433 LAN  |p 005200021068  |q 005200021068  |t BK  |y 0 
901 |a BIBL2-2001-2 
909 |a Χ  |b 083839 
970 |a ΣΠΕΝΤΖΑ  |b ΕΛΕΝΗ  |z 2001/08/24